[Event "BRA-ch U12 Girls"]
[Site "Brasilia"]
[Date "2017.04.22"]
[Round "3"]
[White "Gomes, Yasmim da Silva"]
[Black "Ghovatto, Ana Luiza Ramirez Z"]
[Result "0-1"]
[WhiteElo "1274"]
[BlackElo "1696"]
[PlyCount "112"]
[EventDate "2017.04.21"]
[EventType "swiss"]
[EventRounds "6"]
[EventCountry "BRA"]
[SourceTitle "CBM 177 Extra"]
[Source "ChessBase"]
[SourceDate "2017.04.27"]
[SourceVersion "1"]
[SourceVersionDate "2017.04.27"]
[SourceQuality "1"]

1. e4 d6 2. d4 Nf6 3. Nc3 g6 4. Nf3 Bg7 5. h3 b6 6. Bd3 Bb7 7. 0-0 0-0 8. Bf4 c5 9. Re1 cxd4 10. Nxd4 e5 11. Be3 exd4 12. Bxd4 Nc6 13. Be3 Re8 14. Bf4 Nb4 15. Qd2 Nxd3 16. Qxd3 Rc8 17. Bxd6 Nd7 18. Bb4 Nc5 19. Qe3 Nxe4 20. Rad1 Qg5 21. Qxg5 Nxg5 22. Re2 Bxc3 23. Rxe8+ Rxe8 24. Bxc3 Bc6 25. Rd6 Ba8 26. Rd7 a5 27. a3 Ne4 28. Bd4 Nc5 29. Be3 Nxd7 30. Kh2 f5 31. b3 Be4 32. c4 Nc5 33. b4 axb4 34. axb4 Nd7 35. f3 Bd3 36. c5 Rxe3 37. c6 Nf6 38. c7 Re8 39. Kg3 Nd5 40. c8Q Rxc8 41. Kh4 Nxb4 42. g4 fxg4 43. fxg4 Nc6 44. Kg5 b5 45. Kf4 b4 46. Ke3 b3 47. Kxd3 b2 48. Kc2 Rb8 49. Kb1 Nd4 50. h4 Ne2 51. h5 Nc3+ 52. Kc2 b1Q+ 53. Kxc3 Qd1 54. Kc4 Rc8+ 55. Kb5 Qb1+ 56. Ka6 Ra8# 0-1

[Event "Sao Paulo op-B U2050 4th"]
[Site "Sao Paulo"]
[Date "2016.03.24"]
[Round "1"]
[White "Ghovatto, Ana Luiza Ramirez Z"]
[Black "Presa, Luis Alberto Passos"]
[Result "0-1"]
[WhiteElo "1819"]
[BlackElo "1739"]
[PlyCount "142"]
[EventDate "2016.03.24"]
[EventType "swiss"]
[EventRounds "7"]
[EventCountry "BRA"]
[SourceTitle "CBM 171 Extra"]
[Source "ChessBase"]
[SourceDate "2016.04.26"]
[SourceVersion "1"]
[SourceVersionDate "2016.04.26"]
[SourceQuality "1"]

1. d4 Nf6 2. Nf3 d5 3. Bf4 e6 4. e3 c5 5. Nbd2 Nc6 6. c3 Be7 7. Be2 0-0 8. 0-0 b6 9. Qc2 Bb7 10. a3 Rc8 11. Rac1 cxd4 12. exd4 Nh5 13. Be3 Nf6 14. h3 Bd6 15. Qd1 e5 16. dxe5 Nxe5 17. Nxe5 Bxe5 18. Nf3 Bb8 19. Qd2 Qd6 20. b4 Rfe8 21. c4 Ne4 22. Qd3 dxc4 23. Qxd6 Nxd6 24. Nd4 b5 25. Bf4 a6 26. Rfe1 Re4 27. Be3 Rce8 28. Bf3 R4e7 29. Bxb7 Rxb7 30. Bf4 Rbe7 31. Be3 Bc7 32. Nc6 Re4 33. Bd2 Rxe1+ 34. Rxe1 Rxe1+ 35. Bxe1 Kf8 36. g4 Ke8 37. Nd4 Kd7 38. f3 Bb6 39. Bf2 Bxd4 40. Bxd4 f6 41. Kf2 Kc6 42. Ke3 Kd5 43. f4 Ne4 44. f5 Nd6 45. Bc3 h5 46. Bd4 hxg4 47. hxg4 c3 48. Bxc3 Nc4+ 49. Kd3 Nxa3 50. Bb2 Nc4 51. Bc3 Ne5+ 52. Bxe5 fxe5 53. g5 e4+ 54. Ke3 Ke5 55. g6 Kxf5 56. Ke2 Kxg6 57. Ke3 Kf5 58. Ke2 Kf4 59. Kf2 e3+ 60. Ke2 Ke4 61. Kf1 Kf3 62. Ke1 e2 63. Kd2 Kf2 64. Kd3 e1Q 65. Kd4 Qe6 66. Kc3 Ke3 67. Kb2 Kd2 68. Ka1 Qc4 69. Kb2 Qxb4+ 70. Ka1 Kc1 71. Ka2 Qb2# 0-1